000 00705nam a2200229 i 4500
001 145771
003 ES-MaACL
005 20250717050004.0
007 t|
008 071016s1973 sz ||||1| ita d
080 _a576.1
100 1 _aVerbeek, Yves.
_9113981
245 1 2 _aI misteri delle origini della vita.
_n2 /
_cIves Verbeek ; presentati Albert Demazière ; traduzione di Annita Biasi Conte.
260 _a[Ginevra] :
_bFerni,
_c[1973]
300 _a1 v. :
_bil. ;
_c28 cm.
505 8 _aContiene: V. 2
650 7 _aBiogénesis
_2embne
_910571
700 1 _aDemazière, Albert.
_943629
700 1 _aBiasi Conte, Annita.
_928760
852 4 _aES-MaACL
_jP-1474
999 _c145771
_d145771